<?xml version="1.0" encoding="UTF-8"?>
<record
    xmlns:xsi="http://www.w3.org/2001/XMLSchema-instance"
    xsi:schemaLocation="http://www.loc.gov/MARC21/slim http://www.loc.gov/standards/marcxml/schema/MARC21slim.xsd"
    xmlns="http://www.loc.gov/MARC21/slim">

  <leader>01124nam a22002777i 4500</leader>
  <datafield tag="999" ind1=" " ind2=" ">
    <subfield code="c">23590</subfield>
    <subfield code="d">23590</subfield>
  </datafield>
  <controlfield tag="003">AR-CdUCM</controlfield>
  <controlfield tag="008">260406b20202020 pe|a||| |||| 00| 0 spa d</controlfield>
  <datafield tag="020" ind1=" " ind2=" ">
    <subfield code="a">978-612-317-609-9</subfield>
  </datafield>
  <datafield tag="040" ind1=" " ind2=" ">
    <subfield code="a">MUNICIPALIDAD PROVINCIAL DEL CUSCO</subfield>
    <subfield code="c">BIBLIOTECA MUNICIPAL DEL CUSCO</subfield>
  </datafield>
  <datafield tag="082" ind1=" " ind2=" ">
    <subfield code="2">2&#xB0;edici&#xF3;n</subfield>
    <subfield code="a">318</subfield>
    <subfield code="b">L96</subfield>
  </datafield>
  <datafield tag="100" ind1=" " ind2=" ">
    <subfield code="a">Lude&#xF1;a Urquizo, Wiley</subfield>
  </datafield>
  <datafield tag="245" ind1=" " ind2=" ">
    <subfield code="a">Lima y espacios p&#xFA;blicos :</subfield>
    <subfield code="b">Perfiles y estadistica integrada 2010 /</subfield>
  </datafield>
  <datafield tag="260" ind1=" " ind2=" ">
    <subfield code="a">Lima-Per&#xFA;</subfield>
    <subfield code="b">Pontificia Universidad Catolica del Per&#xFA;</subfield>
    <subfield code="c">2020</subfield>
  </datafield>
  <datafield tag="300" ind1=" " ind2=" ">
    <subfield code="a">188 p&#xE1;ginas. :</subfield>
    <subfield code="c">30x21 cm.</subfield>
  </datafield>
  <datafield tag="505" ind1=" " ind2=" ">
    <subfield code="a">Espacios p&#xFA;blicos -- Lo publico y lo privado -- Lima y espacios p&#xFA;blicos -- Variables y criterios -- Registro de informaci&#xF3;n y variables --  Lima 2010 data y espacios p&#xFA;blicos -- Cota final a modo de conclusiones </subfield>
  </datafield>
  <datafield tag="650" ind1=" " ind2=" ">
    <subfield code="a">Espacios p&#xFA;blicos</subfield>
    <subfield code="9">52518</subfield>
  </datafield>
  <datafield tag="650" ind1=" " ind2=" ">
    <subfield code="a">Lima y territorio</subfield>
    <subfield code="9">52519</subfield>
  </datafield>
  <datafield tag="650" ind1=" " ind2=" ">
    <subfield code="a">Escaleras</subfield>
    <subfield code="9">20577</subfield>
  </datafield>
  <datafield tag="650" ind1=" " ind2=" ">
    <subfield code="a">Veredas</subfield>
    <subfield code="9">52520</subfield>
  </datafield>
  <datafield tag="650" ind1=" " ind2=" ">
    <subfield code="a">Plazas y plazuelas </subfield>
    <subfield code="9">52521</subfield>
  </datafield>
  <datafield tag="650" ind1=" " ind2=" ">
    <subfield code="a">A&#xE9;reas verdes</subfield>
    <subfield code="9">52522</subfield>
  </datafield>
  <datafield tag="856" ind1=" " ind2=" ">
    <subfield code="f">www.fondoeditorial.pucp.edu.pe</subfield>
  </datafield>
  <datafield tag="942" ind1=" " ind2=" ">
    <subfield code="2">ddc</subfield>
    <subfield code="c">LIBROS</subfield>
  </datafield>
  <datafield tag="945" ind1=" " ind2=" ">
    <subfield code="a">pbjr</subfield>
    <subfield code="d">06-04-2026</subfield>
  </datafield>
  <datafield tag="952" ind1=" " ind2=" ">
    <subfield code="0">0</subfield>
    <subfield code="2">ddc</subfield>
    <subfield code="4">0</subfield>
    <subfield code="7">0</subfield>
    <subfield code="a">SH</subfield>
    <subfield code="b">SH</subfield>
    <subfield code="c">CART</subfield>
    <subfield code="d">2026-04-06</subfield>
    <subfield code="e">Donaci&#xF3;n</subfield>
    <subfield code="g">50.00</subfield>
    <subfield code="o">318 / L96</subfield>
    <subfield code="p">SH0000017058</subfield>
    <subfield code="r">2026-04-06</subfield>
    <subfield code="y">LIBROS</subfield>
  </datafield>
  <datafield tag="952" ind1=" " ind2=" ">
    <subfield code="0">0</subfield>
    <subfield code="2">ddc</subfield>
    <subfield code="4">0</subfield>
    <subfield code="7">0</subfield>
    <subfield code="a">CPL</subfield>
    <subfield code="b">CPL</subfield>
    <subfield code="c">CART</subfield>
    <subfield code="d">2026-04-06</subfield>
    <subfield code="o">318/ L96 / e.2</subfield>
    <subfield code="p">SH0000017059</subfield>
    <subfield code="r">2026-04-06</subfield>
    <subfield code="y">LIBROS</subfield>
  </datafield>
</record>
